Me encantan los animales / (Registro nro. 19905)

Detalles MARC
000 -CABECERA
Campo de control 01062cam a2200301 a 4500
005 - FECHA Y HORA DE LA ULTIMA TRANSACCION
Campo de control 20170928131439.0
008 - ELEMENTOS DE LONGITUD FIJA—INFORMACION GENERAL
Campo de control 010216s2000 sp a jr 00010 spa d
020 ## - ISBN
ISBN 8434871645
040 ## - FUENTE DE CATALOGACIÓN
Agencia catalogadora original Co-BoIAvH
Agencia transcriptora Co-BoIAvH
041 0# - IDIOMA
Código de idioma para texto/pista de sonido o título separado Español
044 ## - PAÍS DE PUBLICACIÓN
País de publicación España
082 04 - NUMERO DE CLASIFICACION DECIMAL DEWEY
Número de clasificación I590
090 ## - CLASIFICACIÓN LOCAL
Colección I-SM-
Consecutivo 02
100 1# - ASIENTO PRINCIPAL--NOMBRE PERSONAL
Nombre personal Medina, Juan Ignacio.
Término relacionado autor
9 (RLIN) 85462
245 10 - MENCION DE TITULO
Título Me encantan los animales /
Mención de responsabilidad Juan Ignacio Medina, Félix Moreno
250 ## - MENCION DE EDICION
Mención de edición Primera edición
260 ## - PUBLICACION, DISTRIBUCION, ETC. (PIE DE IMPRENTA)
Lugar de publicación, distribución, etc. Madrid :
Nombre del editor, distribuidor, etc. Ediciones S.M.,
Fecha de publicación, distribución, etc. 2000.
300 ## - DESCRIPCION FISICA
Extensión 94 páginas. :
Otros detalles físicos ilustraciomes. ;
Dimensiones 20 centímetros.
490 ## - MENCION DE SERIE
Mención de serie Serie Azul
500 ## - NOTA GENERAL
Nota general Serie Azul - apta para niños no antes de los 7 años
505 0# - NOTA DE CONTENIDO
Nota de contenido Las aventuras del lobito cape Ruiz / Texto de Gracia Frick ; ilustraciones de Teresa Novoa.
650 14 - ASIENTO SECUNDARIO DE MATERIA - TERMINO TEMATICO
Término temático o nombre geográfico como elemento de entrada Animales
Subdivisión general Literatura infantil.
9 (RLIN) 85463
650 14 - ASIENTO SECUNDARIO DE MATERIA - TERMINO TEMATICO
Término temático o nombre geográfico como elemento de entrada Animales
Subdivisión general actividades lúdicas
9 (RLIN) 85464
700 1# - ASIENTO SECUNDARIO - NOMBRE PERSONAL
Nombre personal Moreno, Félix.
Término de relación autor
9 (RLIN) 85465
700 1# - ASIENTO SECUNDARIO - NOMBRE PERSONAL
Nombre personal Novoa, Teresa,
Término de relación ilustradora
9 (RLIN) 85466
740 42 - ASIENTO SECUNDARIO - TITULOS RELACIONADOS /ANALITICOS NO CONTROLADOS
Título relacionado o analítico no controlado Las aventuras del lobito cape Ruiz.
942 ## - ELEMENTOS ADICIONALES (KOHA)
Sistema de clasificación Local
Tipo de ítem Libro
Existencias
Withdrawn status Lost status Sistema de Clasificación Damaged status No para préstamo Colección Inventariado Ubicación Permanente Ubicación actual Fecha de adquisición Fuente de Valor Valor Total Checkouts Número topográfico Inventario / Código de Barras Date last seen Date checked out Ejemplar Price effective from Forma de adquisición Tipo de material
    Local     Infantil Inventariado 2017 Bogotá Bogotá 28/09/2017 Lerner 25000.00 2 I-SM-02 042701 02/05/2018 17/04/2018 Ej. 1 28/09/2017 Compra Libro